000 00774nam a2200205 a 4500
001 000011344
005 20200929162426.0
008 091016s1941 dr a 000 p spa d
040 _aDO-SdBNP
_bspa
_cBNPHU
082 _aRD861.42
_bP879e
100 1 _aPoveda, Jesús
_926948
245 1 0 _aEnsayos literarios /
_cJesús Poveda.
260 _aSanto Domingo :
_bImprenta Rincón,
_c1941.
300 _av. :
_bil. ;
_c23 cm.
505 0 _gv.1
_tSilueta lírica del poeta Federico García Lorca --
_tEl tema de la muerte en la poesía de García Lorca --
_tVicente Aleixandre, poeta de la tierra.
590 _aInventariado, 2018/LP
650 4 _aPoesía española
_ySIGLO XX
_99197
650 4 _aLiteratura española
_ySIGLO XX
_93326
910 _aValidado. Control de calidad MFFF
999 _c11051
_d11051